<?xml version="1.0" encoding="UTF-8"?>
<record
    xmlns:xsi="http://www.w3.org/2001/XMLSchema-instance"
    xsi:schemaLocation="http://www.loc.gov/MARC21/slim http://www.loc.gov/standards/marcxml/schema/MARC21slim.xsd"
    xmlns="http://www.loc.gov/MARC21/slim">

  <leader>01693    a2200337   4500</leader>
  <controlfield tag="003">NALT</controlfield>
  <controlfield tag="005">20250120150141.0</controlfield>
  <controlfield tag="008">200604b        th ||||| |||| 00| 0 tha d</controlfield>
  <datafield tag="020" ind1=" " ind2=" ">
    <subfield code="a">9786165655750</subfield>
  </datafield>
  <datafield tag="040" ind1=" " ind2=" ">
    <subfield code="a">NALT</subfield>
  </datafield>
  <datafield tag="090" ind1=" " ind2=" ">
    <subfield code="a">KI 11</subfield>
    <subfield code="b">&#xE20;491 2563</subfield>
  </datafield>
  <datafield tag="245" ind1="0" ind2="0">
    <subfield code="a">&#xE20;&#xE32;&#xE29;&#xE35;&#xE2D;&#xE32;&#xE01;&#xE23;&#xE15;&#xE32;&#xE21;&#xE1B;&#xE23;&#xE30;&#xE21;&#xE27;&#xE25;&#xE23;&#xE31;&#xE29;&#xE0E;&#xE32;&#xE01;&#xE23; 2563 /</subfield>
    <subfield code="c">&#xE23;&#xE27;&#xE1A;&#xE23;&#xE27;&#xE21;&#xE41;&#xE25;&#xE30;&#xE40;&#xE23;&#xE35;&#xE22;&#xE1A;&#xE40;&#xE23;&#xE35;&#xE22;&#xE07;&#xE42;&#xE14;&#xE22; &#xE2A;&#xE38;&#xE40;&#xE21;&#xE18; &#xE28;&#xE34;&#xE23;&#xE34;&#xE04;&#xE38;&#xE13;&#xE42;&#xE0A;&#xE15;&#xE34; ... [&#xE41;&#xE25;&#xE30;&#xE04;&#xE19;&#xE2D;&#xE37;&#xE48;&#xE19; &#xE46;].</subfield>
  </datafield>
  <datafield tag="250" ind1=" " ind2=" ">
    <subfield code="a">&#xE1E;&#xE34;&#xE21;&#xE1E;&#xE4C;&#xE04;&#xE23;&#xE31;&#xE49;&#xE07;&#xE17;&#xE35;&#xE48; 1 &#xE09;&#xE1A;&#xE31;&#xE1A;&#xE41;&#xE01;&#xE49;&#xE44;&#xE02;&#xE1B;&#xE23;&#xE31;&#xE1A;&#xE1B;&#xE23;&#xE38;&#xE07;</subfield>
  </datafield>
  <datafield tag="260" ind1=" " ind2=" ">
    <subfield code="a">&#xE01;&#xE23;&#xE38;&#xE07;&#xE40;&#xE17;&#xE1E;&#xE2F; :</subfield>
    <subfield code="b">&#xE40;&#xE23;&#xE37;&#xE2D;&#xE19;&#xE41;&#xE01;&#xE49;&#xE27;&#xE01;&#xE32;&#xE23;&#xE1E;&#xE34;&#xE21;&#xE1E;&#xE4C;,</subfield>
    <subfield code="c">2563.</subfield>
  </datafield>
  <datafield tag="300" ind1=" " ind2=" ">
    <subfield code="a">428 &#xE2B;&#xE19;&#xE49;&#xE32; :</subfield>
    <subfield code="b">&#xE15;&#xE32;&#xE23;&#xE32;&#xE07; ;</subfield>
    <subfield code="c">26 &#xE0B;&#xE21;.</subfield>
  </datafield>
  <datafield tag="650" ind1=" " ind2="4">
    <subfield code="9">13880</subfield>
    <subfield code="a">&#xE20;&#xE32;&#xE29;&#xE35;&#xE21;&#xE23;&#xE14;&#xE01;</subfield>
  </datafield>
  <datafield tag="650" ind1=" " ind2="4">
    <subfield code="9">5214</subfield>
    <subfield code="a">&#xE20;&#xE32;&#xE29;&#xE35;&#xE21;&#xE39;&#xE25;&#xE04;&#xE48;&#xE32;&#xE40;&#xE1E;&#xE34;&#xE48;&#xE21;</subfield>
  </datafield>
  <datafield tag="650" ind1=" " ind2="4">
    <subfield code="a">&#xE20;&#xE32;&#xE29;&#xE35;&#xE40;&#xE07;&#xE34;&#xE19;&#xE44;&#xE14;&#xE49;&#xE19;&#xE34;&#xE15;&#xE34;&#xE1A;&#xE38;&#xE04;&#xE04;&#xE25;</subfield>
    <subfield code="9">19427</subfield>
  </datafield>
  <datafield tag="650" ind1=" " ind2="4">
    <subfield code="a">&#xE20;&#xE32;&#xE29;&#xE35;&#xE40;&#xE07;&#xE34;&#xE19;&#xE44;&#xE14;&#xE49;&#xE1A;&#xE38;&#xE04;&#xE04;&#xE25;&#xE18;&#xE23;&#xE23;&#xE21;&#xE14;&#xE32;</subfield>
    <subfield code="9">19492</subfield>
  </datafield>
  <datafield tag="650" ind1=" " ind2="4">
    <subfield code="a">&#xE23;&#xE31;&#xE29;&#xE0E;&#xE32;&#xE01;&#xE23;</subfield>
    <subfield code="z">&#xE44;&#xE17;&#xE22;</subfield>
    <subfield code="9">14502</subfield>
  </datafield>
  <datafield tag="650" ind1=" " ind2="4">
    <subfield code="9">35746</subfield>
    <subfield code="a">&#xE2D;&#xE32;&#xE01;&#xE23;</subfield>
  </datafield>
  <datafield tag="650" ind1=" " ind2="4">
    <subfield code="9">5464</subfield>
    <subfield code="a">&#xE20;&#xE32;&#xE29;&#xE35;</subfield>
  </datafield>
  <datafield tag="650" ind1=" " ind2="4">
    <subfield code="9">19493</subfield>
    <subfield code="a">&#xE20;&#xE32;&#xE29;&#xE35;&#xE18;&#xE38;&#xE23;&#xE01;&#xE34;&#xE08;&#xE40;&#xE09;&#xE1E;&#xE32;&#xE30;</subfield>
  </datafield>
  <datafield tag="700" ind1="0" ind2=" ">
    <subfield code="a">&#xE2A;&#xE38;&#xE40;&#xE21;&#xE18; &#xE28;&#xE34;&#xE23;&#xE34;&#xE04;&#xE38;&#xE13;&#xE42;&#xE0A;&#xE15;&#xE34;</subfield>
    <subfield code="9">221</subfield>
  </datafield>
  <datafield tag="700" ind1="0" ind2=" ">
    <subfield code="9">45147</subfield>
    <subfield code="a">&#xE01;&#xE33;&#xE18;&#xE23; &#xE2A;&#xE34;&#xE23;&#xE34;&#xE0A;&#xE39;&#xE15;&#xE34;&#xE27;&#xE07;&#xE28;&#xE4C;</subfield>
  </datafield>
  <datafield tag="700" ind1="0" ind2=" ">
    <subfield code="9">45148</subfield>
    <subfield code="a">&#xE2D;&#xE14;&#xE34;&#xE28;&#xE31;&#xE01;&#xE14;&#xE34;&#xE4C; &#xE2A;&#xE37;&#xE1A;&#xE1B;&#xE23;&#xE30;&#xE14;&#xE34;&#xE29;&#xE10;&#xE4C;</subfield>
  </datafield>
  <datafield tag="700" ind1="0" ind2=" ">
    <subfield code="9">45149</subfield>
    <subfield code="a">&#xE20;&#xE34;&#xE23;&#xE31;&#xE15;&#xE19;&#xE4C; &#xE40;&#xE08;&#xE35;&#xE22;&#xE23;&#xE19;&#xE31;&#xE22;</subfield>
  </datafield>
  <datafield tag="850" ind1=" " ind2=" ">
    <subfield code="a">NALT</subfield>
  </datafield>
  <datafield tag="942" ind1=" " ind2=" ">
    <subfield code="2">local</subfield>
    <subfield code="c">LB</subfield>
  </datafield>
  <datafield tag="998" ind1=" " ind2=" ">
    <subfield code="c">103</subfield>
    <subfield code="b">phon</subfield>
    <subfield code="j">111</subfield>
    <subfield code="k"> &#xE19;&#xE32;&#xE07;&#xE2A;&#xE32;&#xE27;&#xE1E;&#xE08;&#xE1E;&#xE34;&#xE13;  &#xE1E;&#xE23;&#xE21;&#xE40;&#xE2D;&#xE35;&#xE48;&#xE22;&#xE21;</subfield>
  </datafield>
  <datafield tag="999" ind1=" " ind2=" ">
    <subfield code="c">96907</subfield>
    <subfield code="d">96907</subfield>
  </datafield>
  <datafield tag="952" ind1=" " ind2=" ">
    <subfield code="0">0</subfield>
    <subfield code="1">0</subfield>
    <subfield code="2">local</subfield>
    <subfield code="4">0</subfield>
    <subfield code="7">0</subfield>
    <subfield code="8">CLAW</subfield>
    <subfield code="a">NALT</subfield>
    <subfield code="b">NALT</subfield>
    <subfield code="c">LAW</subfield>
    <subfield code="d">2020-05-25</subfield>
    <subfield code="e">60</subfield>
    <subfield code="l">2</subfield>
    <subfield code="m">1</subfield>
    <subfield code="o">KI 11 &#xE20;491 2563</subfield>
    <subfield code="p">3961210526</subfield>
    <subfield code="r">2025-02-03 00:00:00</subfield>
    <subfield code="s">2025-01-20</subfield>
    <subfield code="t">&#xE09;.1</subfield>
    <subfield code="w">2020-05-25</subfield>
    <subfield code="y">LB</subfield>
  </datafield>
  <datafield tag="952" ind1=" " ind2=" ">
    <subfield code="0">0</subfield>
    <subfield code="1">0</subfield>
    <subfield code="2">local</subfield>
    <subfield code="4">0</subfield>
    <subfield code="7">0</subfield>
    <subfield code="8">CLAW</subfield>
    <subfield code="a">NALT</subfield>
    <subfield code="b">NALT</subfield>
    <subfield code="c">LAW</subfield>
    <subfield code="d">2020-05-25</subfield>
    <subfield code="e">60</subfield>
    <subfield code="l">3</subfield>
    <subfield code="o">KI 11 &#xE20;491 2563</subfield>
    <subfield code="p">3961210527</subfield>
    <subfield code="r">2024-09-05 00:00:00</subfield>
    <subfield code="s">2024-08-30</subfield>
    <subfield code="t">&#xE09;.2</subfield>
    <subfield code="w">2020-05-25</subfield>
    <subfield code="y">LB</subfield>
  </datafield>
</record>
